| 000 | 00664nam a2200229 a 4500 | ||
|---|---|---|---|
| 001 | 11242 | ||
| 003 | CO-ViMGA | ||
| 008 | 141112s2004 ck r 000 u spa d | ||
| 020 | _a9800101403 | ||
| 040 |
_aCO-ViMGA _bspa _cCO-ViMGA |
||
| 082 | 0 | 4 | _aV864.08 V35 |
| 100 | 1 |
_aRodriguez Ortiz, Oscar _915664 |
|
| 245 | 1 | 0 | _aVenezuela en seis ensayos |
| 250 | _a1 | ||
| 260 |
_aCaracas, _cMonte Avila editores, _c1987 |
||
| 300 | _a119 p. | ||
| 490 | _aColección el dorado | ||
| 650 | 1 | 4 |
_aENSAYOS VENEZOLANOS _915665 |
| 650 | 1 | 4 |
_aLITERATURA VENEZOLANA - ENSAYOS CONFERENCIAS _915666 |
| 650 | 1 | 4 |
_aVENEZUELA - HISTORIA ENSAYOS CONFERENCIAS _915667 |
| 942 |
_2ddc _cBK |
||
| 999 |
_c22452 _d22452 |
||